Smith & Hogan criminal law : cases and materials. (8th ed.) (Record no. 57633)

MARC details
000 -LEADER
fixed length control field 00782nam a2200217 a 4500
008 - FIXED-LENGTH DATA ELEMENTS--GENERAL INFORMATION
fixed length control field 120416s2002 ||||||||||||||||| || u
020 ## - INTERNATIONAL STANDARD BOOK NUMBER
International Standard Book Number 0406948003
050 ## - LIBRARY OF CONGRESS CALL NUMBER
Classification number KD 91 Sim
100 ## - MAIN ENTRY--PERSONAL NAME
Personal name Hogan, Brian, 1932-1996
245 10 - TITLE STATEMENT
Title Smith & Hogan criminal law : cases and materials. (8th ed.)
250 ## - EDITION STATEMENT
Edition statement 8th ed.
260 ## - PUBLICATION, DISTRIBUTION, ETC.
Place of publication, distribution, etc. London:
Name of publisher, distributor, etc. LexisNexis/Butterworths
Date of publication, distribution, etc. 2002
300 ## - PHYSICAL DESCRIPTION
Extent liv, 781p.
350 ## - PRICE (NR) (BK AM CF MU VM SE) [OBSOLETE]
Price 0.00
500 ## - GENERAL NOTE
General note Prev. ed.: Criminal law / J. C. Smith and Brian Hogan.
650 ## - SUBJECT ADDED ENTRY--TOPICAL TERM
Topical term or geographic name entry element CRIMINAL LAW--GREAT BRITAIN--CASES
650 ## - SUBJECT ADDED ENTRY--TOPICAL TERM
Topical term or geographic name entry element LAW
650 ## - SUBJECT ADDED ENTRY--TOPICAL TERM
Topical term or geographic name entry element CRIMINAL LAW--GREAT BRITAIN
700 ## - ADDED ENTRY--PERSONAL NAME
Personal name Smith, John, Sir
995 ## - RECOMMENDATION 995 [LOCAL, UNIMARC FRANCE]
-- 0.00
-- CBU-MAIN LIBRARY (Kitwe)
-- 1
-- 39.99
-- 1
-- AVAILABLE
-- Annex Low-Usage Collection
Holdings
Withdrawn status Lost status Source of classification or shelving scheme Damaged status Not for loan Home library Current library Shelving location Date acquired Total Checkouts Full call number Barcode Date last seen Price effective from Koha item type
          CBU-MAIN LIBRARY, KITWE. CBU-MAIN LIBRARY, KITWE.   11/30/2022   KD 91 Sim 38690 11/30/2022 11/30/2022 MONOGRAPH